000 01562cam a22002174a 4500
005 20250605164010.0
008 250528s ||||||||||||||||||||||||d
035 _a15940
020 _a314766448
040 _aGR-AtMCL
_bgre
_dGR-AtMCL
_eAACR2
245 1 _aManagement Science
260 _bWest Publishing Company,
_c1991
300 _a864
505 0 _aIntroduction: The Management Science Approach to Decision Making, Linear Programming: Introduction and Model Formulation, Graphical Linear Programming, Simplex Linear Programming, Sensitivity Analysis and Duality, Linear Programming Computer Solutions, Transportation and Assignment, Network Models, Interger [Programming, Goal Programming, Project Scheduling with PERT/ CPM, Inventory Management, Decision Analysis, Queuing Analysis, Simulation, Markov Analysis, Forecasting, Decision Support Systems, Cases, Appendices, Index.
520 _aIntroduction: The Management Science Approach to Decision Making, Linear Programming: Introduction and Model Formulation, Graphical Linear Programming, Simplex Linear Programming, Sensitivity Analysis and Duality, Linear Programming Computer Solutions, Transportation and Assignment, Network Models, Interger [Programming, Goal Programming, Project Scheduling with PERT/ CPM, Inventory Management, Decision Analysis, Queuing Analysis, Simulation, Markov Analysis, Forecasting, Decision Support Systems, Cases, Appendices, Index.
700 1 _aDennis B. Laurie
_91975
700 1 _aDennis L. Terry
_91976
942 _cBK
999 _c1487
_d1487